000
00313nam a2200157Ia 4500
100
_a
Avadhanulu
650
_a
Physics
942
_c
BK
366
_f
20
654
_a
engineering physics
245
_a
Text book of Engineering Physics
260
_b
#N/A
082
_b
AVA
546
_a
ENGLISH
999
_c
31550
_d
31550